ENT MCQs for medical students : (Record no. 612249)
[ view plain ]
| 000 -LEADER | |
|---|---|
| fixed length control field | 02149nam a22002772a 4500 |
| 020 ## - INTERNATIONAL STANDARD BOOK NUMBER | |
| International Standard Book Number | 97818466193897 |
| Qualifying information | Paperback |
| 040 ## - CATALOGING SOURCE | |
| Transcribing agency | NSHSPK |
| 082 ## - DEWEY DECIMAL CLASSIFICATION NUMBER | |
| Classification number | 617.5 |
| Author Mark | MAN |
| 100 ## - MAIN ENTRY--PERSONAL NAME | |
| Personal name | Mannu, Gurdeep Singh |
| 9 (RLIN) | 126764 |
| 245 ## - TITLE STATEMENT | |
| Title | ENT MCQs for medical students : |
| Remainder of title | with explanatory answers / |
| Statement of responsibility, etc. | Gurdeep Singh Mannu, Tunde Odutoye and foreword by Samir Soma. |
| 246 03 - VARYING FORM OF TITLE | |
| Title proper/short title | ENT multiple choice questions for medical students |
| 250 ## - EDITION STATEMENT | |
| Edition statement | First edition. |
| 260 ## - PUBLICATION, DISTRIBUTION, ETC. | |
| Place of publication, distribution, etc. | London : |
| Name of publisher, distributor, etc. | CRC Press, Taylor & Francis Group, |
| Date of publication, distribution, etc. | 2010. |
| 300 ## - PHYSICAL DESCRIPTION | |
| Extent | vii, 175 pages : |
| Dimensions | 24 cm. |
| 440 ## - SERIES STATEMENT/ADDED ENTRY--TITLE | |
| Title | MasterPass |
| 9 (RLIN) | 126765 |
| 500 ## - GENERAL NOTE | |
| General note | Includes index. |
| 500 ## - GENERAL NOTE | |
| General note | Includes bibliographical references. |
| 505 0# - FORMATTED CONTENTS NOTE | |
| Formatted contents note | The Ear -- The Nose -- The Throat -- Head -- Neck -- Surgery. |
| 520 3# - SUMMARY, ETC. | |
| Summary, etc. | Ear, Nose and Throat (ENT) surgery has traditionally been a difficult and specialised topic in undergraduate medicine and for junior doctors. Many textbooks are too detailed for undergraduate use, or lack self assessment questions to help those wishing to underpin their learning. This concise and easy-to-read self-assessment guide aims to clarify the topic, and find and fill gaps in understanding. The multiple choice questions (MCQs) contained cover all levels of knowledge and the learning objectives of most of the UK medical school curricula, aiding preparation for end of unit, module and final exams for ENT. This book will be a valuable companion for clinics and teaching sessions and an indispensable revision primer for graduate entry medical curricula. 'An excellent means of preparation for medical undergraduate examinations as gaps in core knowledge are quickly revealed. Further, this text is a good guide for students to identify those subject areas requiring more focused study, especially when time is short.' - From the Foreword by Samir Soma |
| 650 #0 - SUBJECT ADDED ENTRY--TOPICAL TERM | |
| Topical term or geographic name entry element | Otolaryngology |
| General subdivision | Examinations, questions, etc. |
| 9 (RLIN) | 126766 |
| 650 #0 - SUBJECT ADDED ENTRY--TOPICAL TERM | |
| Topical term or geographic name entry element | Otolaryngology |
| Form subdivision | Study guides. |
| 9 (RLIN) | 126767 |
| 700 ## - ADDED ENTRY--PERSONAL NAME | |
| Personal name | Odutoye, Tunde, |
| Relator term | author. |
| 9 (RLIN) | 126768 |
| 700 ## - ADDED ENTRY--PERSONAL NAME | |
| Personal name | Soma, Sameer, |
| Relator term | Foreworder |
| 9 (RLIN) | 126769 |
| 942 ## - ADDED ENTRY ELEMENTS (KOHA) | |
| Source of classification or shelving scheme | |
| Koha item type | Book |
| Withdrawn status | Lost status | Source of classification or shelving scheme | Damaged status | Not for loan | Permanent Location | Current Location | Shelving location | Date acquired | Source of acquisition | Cost, normal purchase price | Full call number | Barcode | Date last seen | Copy number | Cost, replacement price | Price effective from | Koha item type |
|---|---|---|---|---|---|---|---|---|---|---|---|---|---|---|---|---|---|
| NUST School of Health Sciences (NSHS) | NUST School of Health Sciences (NSHS) | General Stacks | 10/08/2024 | Allied Book Company | 11529.00 | 617.5 MAN | NSHS-1900 | 11/06/2024 | c.1 | 23058.00 | 10/08/2024 | Book | |||||
| NUST School of Health Sciences (NSHS) | NUST School of Health Sciences (NSHS) | General Stacks | 10/08/2024 | Allied Book Company | 11529.00 | 617.5 MAN | NSHS-1901 | 11/06/2024 | c.2 | 23058.00 | 10/08/2024 | Book | |||||
| Not For Loan | NUST School of Health Sciences (NSHS) | NUST School of Health Sciences (NSHS) | Reference | 10/08/2024 | Allied Book Company | 11529.00 | R 617.5 MAN | NSHS-1902 | 11/06/2024 | c.3 | 23058.00 | 10/08/2024 | Book |
